| 000 | 00879nas a2200277 4500 | ||
|---|---|---|---|
| 001 | BR9209506 | ||
| 003 | BR-BrBNA | ||
| 005 | 20231205093302.0 | ||
| 007 | ta | ||
| 008 | 230509b bl.|||p| |||| 00| 00por d | ||
| 040 |
_aBR-BrBNA _bpor _cBiblioteca Nacional de Agricultura |
||
| 041 | _a(Pt) | ||
| 072 | _aL20 | ||
| 100 | 1 | _aAlho, C.J.R. | |
| 100 | 1 | _aLacher Junior, T.E. | |
| 100 | 1 | _aCampos, Z.M.S. | |
| 100 | 1 | _aGoncalves, H. | |
| 245 | 1 | _aMamiferos da fazenda Nhumirim, sub-regiao de Nhecolandia, Pantanal do Mato Grosso do Sul: levantamento preliminar de especies | |
| 650 | _aMAMIFERO DOMESTICO | ||
| 650 | _aHABITAT | ||
| 650 | _aFAUNA | ||
| 650 | _aEQUILIBRIO ECOLOGICO | ||
| 773 | 0 |
_tRevista Brasileira de Biologia (Brazil) _xISSN 0034-7108 _g(May 1988), v. 48(2) p. 213-225 _wBR9209506 |
|
| 909 |
_a202311 _bLúcia _c55 _dLúcia Elande |
||
| 942 |
_2AGRIS _n0 _cANA |
||
| 999 |
_c137298 _d137298 |
||